صورةالعرب والمسلمين في المناهج الدراسية حول العالم: (رقم التسجيلة. 159824)

تفاصيل مارك
000 -LEADER
fixed length control field 01265nam a2200265 a 4500
003 - CONTROL NUMBER IDENTIFIER
control field EG-GiCUC
008 - FIXED-LENGTH DATA ELEMENTS--GENERAL INFORMATION
fixed length control field 210725s2003 su g 000 0 ara d
017 ## - COPYRIGHT OR LEGAL DEPOSIT NUMBER
Copyright or legal deposit number 1424/3667
Assigning agency السعوية . مكتبة الملك فهد الوطنية
020 ## - INTERNATIONAL STANDARD BOOK NUMBER
International Standard Book Number 9960197921
040 ## - CATALOGING SOURCE
Original cataloging agency EG-GiCUC
Language of cataloging ara
Transcribing agency EG-GiCUC
092 04 - LOCALLY ASSIGNED DEWEY CALL NUMBER (OCLC)
Classification number تصنيف ديوى
Item number
Edition number 21
099 ## - LOCAL FREE-TEXT CALL NUMBER (OCLC)
Classification number 04
-- تصنيف ديوى
245 10 - TITLE STATEMENT
Title صورةالعرب والمسلمين في المناهج الدراسية حول العالم:
Remainder of title في امريكيا وبريطانيا وفرنسا وايطاليا والمانيا واسبانيا ... /
Statement of responsibility, etc. مجموعة من الباحثين
246 00 - VARYING FORM OF TITLE
Title proper/short title شكل مختلف للعنوان
Remainder of title بيانات اخرى للعنوان
260 ## - PUBLICATION, DISTRIBUTION, ETC.
Place of publication, distribution, etc. :
Name of publisher, distributor, etc. :
Date of publication, distribution, etc.
Place of manufacture ( مكان الطبع :
Manufacturer اسم الطابع)
300 ## - PHYSICAL DESCRIPTION
Extent :
Other physical details ؛
Dimensions سم +
Accompanying material المادة المصاحبة
650 #7 - SUBJECT ADDED ENTRY--TOPICAL TERM
Source of heading or term qrmak
651 #7 - SUBJECT ADDED ENTRY--GEOGRAPHIC NAME
Source of heading or term qrmak
700 1# - ADDED ENTRY--PERSONAL NAME
Numeration الترقيم ؛
Titles and other words associated with a name المناصب :
Fuller form of name (شكل الاسم كامل) :
Dates associated with a name تاريخ الميلاد
710 1# - ADDED ENTRY--CORPORATE NAME
Corporate name or jurisdiction name as entry element الهيئة .
Subordinate unit الهيئة الفرعية
902 ## - LOCAL DATA ELEMENT B, LDB (RLIN)
No. of Items عدد النسخ
905 ## - LOCAL DATA ELEMENT E, LDE (RLIN)
Reviser مدخل
905 ## - LOCAL DATA ELEMENT E, LDE (RLIN)
Reviser مراجع 2004346244
942 ## - ADDED ENTRY ELEMENTS (KOHA)
Source of classification or shelving scheme Dewey Decimal Classification
Koha item type Books

لا توجد مواد متاحة.

Cairo University Libraries Portal Implemented & Customized by: Eng. M. Mohamady Contacts: new-lib@cl.cu.edu.eg | cnul@cl.cu.edu.eg
CUCL logo CNUL logo
© All rights reserved — Cairo University Libraries
CUCL logo
Implemented & Customized by: Eng. M. Mohamady Contact: new-lib@cl.cu.edu.eg © All rights reserved — New Central Library
CNUL logo
Implemented & Customized by: Eng. M. Mohamady Contact: cnul@cl.cu.edu.eg © All rights reserved — Cairo National University Library